Dzielnice Warszawy - Nagła Śmierć - Statystyki

Ogólne statystyki
  • Ten quiz został rozwiązany 992 razy
    151 od ostatniego zresetowania
  • Średni wynik to 10 z 18
Answers on the Grid
Answers color-coded by a green-red scale on the quiz's grid according to % correct below.
Bałuty
Bemowo
Białołęka
Bielany
Bojano
Cieszyce
Grabówek
Halinów
Izabelin
Janki
Kazimierz
Lubawa
Maskat
Mokotów
Nowe Miasto
Ochota
Okęcie
Oliwa
Pieczewo
Podgórze
Praga-Północ
Praga-Południe
Praga-Wschód
Pruszków
Rembertów
Śródmieście
Stare Miasto
Targówek
Ursus
Ursynów
Wawer
Wenecja
Wesoła
Widzew
Wilanów
Włochy
Wola
Ząbki
Zamość
Żoliborz
 
Statystyki odpowiedzi
Odpowiedź % Poprawnych
Bemowo
90%
Białołęka
79%
Bielany
77%
Mokotów
66%
Ochota
58%
Wilanów
55%
Wola
55%
Praga-Północ
53%
Praga-Południe
53%
Żoliborz
53%
Ursynów
52%
Śródmieście
49%
Ursus
48%
Targówek
47%
Włochy
44%
Rembertów
42%
Wawer
42%
Wesoła
37%
Nie znaleziono quizów pasujących do podanych kryteriów
Rozkład punktacji
Procent ludzi z każdym wynikiem
Percentyl według liczby udzielonych odpowiedzi
Twoja historia wyników
Nie rozwiązałeś tego quizu od ostatniego zresetowania